000 01129nam a2200205 4500
008 171120b xxu||||| |||| 00| 0 eng d
020 _a0397551649
082 _21996
_aDC 616.07
_bB87
100 _923534
_aBullock, Barbara L., author.
245 _aPathophysiology :
_badaptations and alterations in function /
_cBarbara L. Bullock ; with nine contributors.
250 _aFourth edition.
260 _aPhiladelphia :
_bLippincott,
_c©1996.
300 _axxi, 1,272 pages :
_billustrations (some color) ;
_c29 cm +
_e1 computer disk (3 1/2 in.).
500 _aIncludes bibliographical references and index.
505 _aCellular dynamics -- Development -- Fluid, electrolyte, acid-base, nutritional balance, and shock -- Inflammation and repair -- Immunity -- Hematology -- Circulation -- Respiration -- Urinary excretion -- Endocrine regulation -- Digestion, absorption, and use of food -- Musculoskeletal function -- Protective coverings of the body -- Neural control -- Reproduction.
650 0 _923535
_aPhysiology, Pathological
650 0 _923536
_aPathology
650 0 _923537
_aPhysiology
942 _2ddc
_cDC
999 _c7795
_d7795